|
|
|
|
| LEADER |
00000nab#a22000007a#4500 |
| 001 |
arbauad030312 |
| 003 |
AR-BaUAD |
| 005 |
20250711112456.0 |
| 008 |
980303|||||||||###||||||b###|0###a|spa|| |
| 040 |
|
|
|a AR-BaUAD
|c AR-BaUAD
|b spa
|
| 245 |
1 |
0 |
|a Forum
|
| 300 |
0 |
|
|b fot., plantas, vistas
|
| 653 |
|
|
|a ARQUITECTURA INDUSTRIAL
|
| 653 |
|
|
|a INDUSTRIAS
|
| 653 |
|
|
|a PINTURAS
|
| 653 |
|
|
|a JUNGER, ERNST
|
| 653 |
|
|
|a POLANYI, KARL
|
| 653 |
|
|
|a MARX, KARL
|
| 653 |
|
|
|a SHINKEL, KARL FRIEDRICH
|
| 653 |
|
|
|a GOETHE, JOHANN WOLFGANG VON
|
| 653 |
|
|
|a RATHENAU, WALTER
|
| 773 |
0 |
|
|t CASABELLA
|g no. 651-652 [1998], p. 62-78
|
| 942 |
|
|
|c ARTI
|
| 952 |
|
|
|0 0
|1 0
|4 0
|7 0
|9 75231
|a AR-BAuAD
|b AR-BAuAD
|d 2025-07-11
|l 0
|p AAQA030312
|r 2025-07-11 11:24:56
|w 2025-07-11
|y ARTI
|
| 990 |
|
|
|a AQ199
|b TD
|
| 998 |
|
|
|a AAQ
|b BIBUN76
|
| 999 |
|
|
|c 54904
|d 54904
|